000 00869nam a2200217Ia 4500
999 _c55927
_d55927
001 23025
003 GE_BSU
005 20230627105125.0
008 181216s1966||||ge |||||||||||||| ||geo||
040 _cGE_BSU
041 _ageo
080 _a821.353.1-13 ე-13
100 _4ებანოიძე, მამია
245 _aრას მოგვითხრობს "ვეფხისტყაოსანი /
_cმამია ებანოიძე.
264 _aთბილისი :
_bგანათლება,
_c1966.
300 _a183 გვ. ;
_c20 სმ.
500 _aსატიტულო ფურცელზე ავტორი არა არის მითითებული
541 _h5 ლ.
653 _aრას მოგვითხრობს "ვეფხისტყაოსანი
942 _cBK
_2udc